Кристанг-русский словарь (Запись № 11212667)

Подробности
000 -МАРКЕР
контрольное поле 01744nam0a2200361 i 4500
001 - ИДЕНТИФИКАТОР ЗАПИСИ
контрольное поле RU\NLR\BIBL_A\011344944
005 - ИДЕНТИФИКАТОР ВЕРСИИ
контрольное поле 20260405161226.0
010 ## - МЕЖДУНАРОДНЫЙ СТАНДАРТНЫЙ НОМЕР КНИГИ (ISBN)
Номер (ISBN) 9785906751706
Тираж 100
021 ## - НОМЕР ГОСУДАРСТВЕННОЙ РЕГИСТРАЦИИ
Код страны российская федерация
Номер 2017-8599
Номер Листа государственной регистраци 627
035 ## - ДРУГИЕ СИСТЕМНЫЕ НОМЕРА
Идентификатор записи (NLR Aleph) 011344944
100 ## - ДАННЫЕ ОБЩЕЙ ОБРАБОТКИ
Данные общей обработки 20170313d2016 u y0rusy50 ca
101 0# - ЯЗЫК РЕСУРСА
Язык текста, звукозаписи и т.д. русский
-- креольские и пиджины (другие)
102 ## - СТРАНА ПУБЛИКАЦИИ ИЛИ ПРОИЗВОДСТВА
Страна публикации российская федерация
105 ## - ПОЛЕ КОДИРОВАННЫХ ДАННЫХ: ТЕКСТОВЫЕ МАТЕРИАЛЫ, МОНОГРАФИЧЕСКИЕ
Кодированные данные о монографическом текстовом документе y e 000zy
200 1# - ЗАГЛАВИЕ И СВЕДЕНИЯ ОБ ОТВЕТСТВЕННОСТИ
Основное заглавие Кристанг-русский словарь
Сведения, относящиеся к заглавию около 4000 слов
Первые сведения об ответственности Жоан Маргарет Марбек, Виктор Погадаев
Последующие сведения об ответственности Центр изучения современных проблем ЮВА и АТР ИСАА МГУ
Язык параллельного заглавия креольские и пиджины (другие)
210 ## - ПУБЛИКАЦИЯ, РАСПРОСТРАНЕНИЕ И ДР.
Место издания, распространения и т.д. Москва
Имя издателя, распространителя и т. д. Ключ-С
Дата издания, распространения и т.д. 2016
215 ## - ФИЗИЧЕСКАЯ ХАРАКТЕРИСТИКА
Специфическое обозначение материала и объем 85, [1] с.
Размеры 15
300 ## - ОБЩИЕ ПРИМЕЧАНИЯ
Текст примечания На доп. тит. л. загл. и авт. также на креол. яз.: Papiah kristang-russio dictionario / Joan Margaret Marbeck, Victor Pogadaev
320 ## - ПРИМЕЧАНИЯ О НАЛИЧИИ В ДОКУМЕНТЕ БИБЛИОГРАФИИ / УКАЗАТЕЛЯ
Текст примечания Библиогр.: с. 84
517 1# - ДРУГИЕ ВАРИАНТЫ ЗАГЛАВИЯ
Связь между полями z20790
Вариант заглавия Papiah kristang-russio dictionario
Язык заглавия креольские и пиджины (другие)
606 1# - НАИМЕНОВАНИЕ ТЕМЫ КАК ПРЕДМЕТ
Наименование темы Кристанг язык
Тематический подзаголовок Словари
-- Русский язык
Системный номер авторитетной/нормативной записи 2347837
Идентификатор авторитетной/нормативной записи RU\NLR\AUTH\6601626045
686 1# - ИНДЕКСЫ ДРУГИХ КЛАССИФИКАЦИЙ
Индекс Ш147.22-455
686 1# - ИНДЕКСЫ ДРУГИХ КЛАССИФИКАЦИЙ
Индекс Ш141.12-482
700 #1 - ИМЯ ЛИЦА - ПЕРВИЧНАЯ ОТВЕТСТВЕННОСТЬ
Графика поля Кириллица
Материалы, к которым относится поле rus
Начальный элемент ввода Марбек
Часть имени, кроме начального элемента ввода Ж. М.
Даты 1944-
Расширение инициалов личного имени Жоан Маргарет
Системный номер авторитетной/нормативной записи 172025
Идентификатор авторитетной/нормативной записи RU\NLR\AUTH\770172075
701 #1 - ИМЯ ЛИЦА - АЛЬТЕРНАТИВНАЯ ОТВЕТСТВЕННОСТЬ
Материалы, к которым относится поле rus
Графика поля Кириллица
Начальный элемент ввода Погадаев
Часть имени, кроме начального элемента ввода В. А.
Даты 1946-
Расширение инициалов личного имени Виктор Александрович
Идентификатор авторитетной/нормативной записи RU\NLR\AUTH\7767737
Системный номер авторитетной/нормативной записи 50665
790 #1 - ИМЯ ЛИЦА - АЛЬТЕРНАТИВНАЯ ФОРМА
Графика поля Латинская
Материалы, к которым относится поле may
Начальный элемент ввода Marbeck
Часть имени, кроме начального элемента ввода J. M.
Даты 1944-
Расширение инициалов личного имени Joan Margaret
Системный номер авторитетной/нормативной записи 172022
Идентификатор авторитетной/нормативной записи RU\NLR\AUTH\770172072
790 #1 - ИМЯ ЛИЦА - АЛЬТЕРНАТИВНАЯ ФОРМА
Материалы, к которым относится поле rus
Графика поля Латинская
Начальный элемент ввода Pogadaev
Часть имени, кроме начального элемента ввода V. A.
Даты 1946-
Расширение инициалов личного имени Viktor Aleksandrovič
Идентификатор авторитетной/нормативной записи RU\NLR\AUTH\7767738
Системный номер авторитетной/нормативной записи 50666
942 ## - ДОПОЛНИТЕЛЬНЫЕ ЭЛЕМЕНТЫ ЗАПИСИ (АБИС)
Тип экземпляра АБИС Книга
980 ## - КОЛЛЕКЦИЯ
Название коллекции НБР

Нет доступных экземпляров.